[Event "DVM U16 2023"]
[Site "Magdeburg GER"]
[Date "2023.12.28"]
[Round "4"]
[White "Nönnig, Jakob"]
[Black "Malchereck, Romeo"]
[Result "1-0"]
[Termination "normal"]
[Board "2.4"]
[WhiteElo "1789"]
[BlackElo "1720"]
[WhiteClock "00:07:56"]
[BlackClock "00:53:59"]
[WhiteTeam "Schachzwerge Magdeburg"]
[BlackTeam "Hamburger SK 1830"]
[PlyCount "107"]
[WhiteFideId "16289447"]
[BlackFideId "16265831"]
[EventCountry "GER"]
[EventRounds "7"]
[EventType "team-swiss"]
[EventDate "2023.12.26"]

1. e4 {[%clk 01:30:58]} {[%emt 00:00:02]} c6 {[%clk 01:30:57]} {[%emt
00:00:04]} 2. d4 {[%clk 01:31:21]} {[%emt 00:00:06]} d5 {[%clk 01:31:23]}
{[%emt 00:00:05]} 3. Nd2 {[%clk 01:31:42]} {[%emt 00:00:08]} dxe4 {[%clk
01:31:27]} {[%emt 00:00:26]} 4. Nxe4 {[%clk 01:32:05]} {[%emt 00:00:07]} Nf6
{[%clk 01:31:55]} {[%emt 00:00:03]} 5. Nxf6+ {[%clk 01:32:25]} {[%emt
00:00:10]} exf6 {[%clk 01:32:20]} {[%emt 00:00:05]} 6. c3 {[%clk 01:32:45]}
{[%emt 00:00:09]} Bd6 {[%clk 01:31:22]} {[%emt 00:01:28]} 7. Bd3 {[%clk
01:32:53]} {[%emt 00:00:22]} O-O {[%clk 01:29:13]} {[%emt 00:02:39]} 8. Qc2
{[%clk 01:33:02]} {[%emt 00:00:21]} Re8+ {[%clk 01:27:22]} {[%emt 00:02:22]} 9.
Ne2 {[%clk 01:33:15]} {[%emt 00:00:17]} h6 {[%clk 01:27:48]} {[%emt 00:00:04]}
10. Be3 {[%clk 01:33:25]} {[%emt 00:00:19]} Nd7 {[%clk 01:22:02]} {[%emt
00:06:16]} 11. O-O-O {[%clk 01:32:09]} {[%emt 00:01:46]} a5 {[%clk 01:21:05]}
{[%emt 00:01:27]} 12. c4 {[%clk 01:29:52]} {[%emt 00:02:48]} b5 {[%clk
01:18:33]} {[%emt 00:03:02]} 13. c5 {[%clk 01:23:35]} {[%emt 00:06:47]} Bf8
{[%clk 01:16:06]} {[%emt 00:02:57]} 14. d5 {[%clk 01:22:46]} {[%emt 00:01:19]}
Bb7 {[%clk 01:12:03]} {[%emt 00:04:33]} 15. d6 {[%clk 01:17:00]} {[%emt
00:06:16]} a4 {[%clk 01:10:57]} {[%emt 00:01:36]} 16. Kb1 {[%clk 01:06:33]}
{[%emt 00:10:56]} Qa5 {[%clk 01:09:59]} {[%emt 00:01:29]} 17. Qd2 {[%clk
01:02:27]} {[%emt 00:04:35]} Qa7 {[%clk 01:02:25]} {[%emt 00:08:05]} 18. Rc1
{[%clk 01:00:05]} {[%emt 00:02:52]} Ba6 {[%clk 01:01:43]} {[%emt 00:01:12]} 19.
Qb4 {[%clk 00:49:37]} {[%emt 00:10:57]} Ne5 {[%clk 00:58:29]} {[%emt 00:03:45]}
20. Be4 {[%clk 00:46:15]} {[%emt 00:03:47]} Qd7 {[%clk 00:48:49]} {[%emt
00:10:14]} 21. Nd4 {[%clk 00:44:32]} {[%emt 00:02:14]} g6 {[%clk 00:48:01]}
{[%emt 00:01:18]} 22. g3 {[%clk 00:25:11]} {[%emt 00:19:51]} f5 {[%clk
00:47:09]} {[%emt 00:01:22]} 23. Bg2 {[%clk 00:25:08]} {[%emt 00:00:32]} Bb7
{[%clk 00:47:32]} {[%emt 00:00:08]} 24. Rhd1 {[%clk 00:24:34]} {[%emt
00:01:04]} a3 {[%clk 00:44:44]} {[%emt 00:03:17]} 25. b3 {[%clk 00:24:03]}
{[%emt 00:01:01]} Rec8 {[%clk 00:44:25]} {[%emt 00:00:50]} 26. h4 {[%clk
00:17:29]} {[%emt 00:07:03]} Bg7 {[%clk 00:37:41]} {[%emt 00:07:15]} 27. Rd2
{[%clk 00:09:54]} {[%emt 00:08:05]} Ng4 {[%clk 00:30:25]} {[%emt 00:07:46]} 28.
Bf4 {[%clk 00:09:49]} {[%emt 00:00:33]} Nf6 {[%clk 00:29:15]} {[%emt 00:01:41]}
29. Re2 {[%clk 00:05:55]} {[%emt 00:04:24]} Re8 {[%clk 00:27:50]} {[%emt
00:01:55]} 30. Rxe8+ {[%clk 00:05:07]} {[%emt 00:01:19]} Rxe8 {[%clk 00:28:14]}
{[%emt 00:00:05]} 31. Nxb5 {[%clk 00:04:04]} {[%emt 00:01:33]} Nd5 {[%clk
00:27:38]} {[%emt 00:01:06]} 32. Bxd5 {[%clk 00:04:04]} {[%emt 00:00:31]} cxd5
{[%clk 00:27:59]} {[%emt 00:00:09]} 33. Nd4 {[%clk 00:03:12]} {[%emt 00:01:21]}
Re4 {[%clk 00:27:25]} {[%emt 00:01:05]} 34. Be3 {[%clk 00:02:50]} {[%emt
00:00:52]} Bc6 {[%clk 00:27:00]} {[%emt 00:00:54]} 35. Qd2 {[%clk 00:02:19]}
{[%emt 00:01:00]} f4 {[%clk 00:23:31]} {[%emt 00:03:59]} 36. gxf4 {[%clk
00:02:27]} {[%emt 00:00:22]} Bxd4 {[%clk 00:23:59]} {[%emt 00:00:03]} 37. Bxd4
{[%clk 00:02:47]} {[%emt 00:00:10]} Qf5 {[%clk 00:24:27]} {[%emt 00:00:01]} 38.
Ka1 {[%clk 00:02:33]} {[%emt 00:00:44]} Qxf4 {[%clk 00:24:34]} {[%emt
00:00:24]} 39. Qxf4 {[%clk 00:00:52]} {[%emt 00:02:11]} Rxf4 {[%clk 00:25:03]}
40. Be3 {[%clk 00:01:02]} {[%emt 00:00:20]} Rxh4 {[%clk 00:25:27]} {[%emt
00:00:06]} 41. Rd1 {[%clk 00:01:10]} {[%emt 00:00:21]} Rh5 {[%clk 00:25:39]}
{[%emt 00:00:18]} 42. Kb1 {[%clk 00:29:31]} {[%emt 00:02:09]} f6 {[%clk
00:54:51]} {[%emt 00:01:19]} 43. Kc2 {[%clk 00:25:20]} {[%emt 00:04:39]} Kf7
{[%clk 00:54:54]} {[%emt 00:00:28]} 44. Kc3 {[%clk 00:24:13]} {[%emt 00:01:37]}
Ke6 {[%clk 00:54:39]} {[%emt 00:00:46]} 45. Kb4 {[%clk 00:21:44]} {[%emt
00:02:58]} Rf5 {[%clk 00:54:12]} {[%emt 00:00:58]} 46. Ka5 {[%clk 00:20:04]}
{[%emt 00:02:09]} h5 {[%clk 00:53:24]} {[%emt 00:01:18]} 47. Kb6 {[%clk
00:15:11]} {[%emt 00:05:23]} Kd7 {[%clk 00:53:47]} {[%emt 00:00:07]} 48. b4
{[%clk 00:14:43]} {[%emt 00:00:58]} Ba4 {[%clk 00:54:13]} {[%emt 00:00:04]} 49.
Rh1 {[%clk 00:10:41]} {[%emt 00:04:32]} Re5 {[%clk 00:54:01]} {[%emt 00:00:43]}
50. b5 {[%clk 00:07:50]} {[%emt 00:03:56]} Re8 {[%clk 00:54:24]} 51. c6+ {[%clk
00:07:17]} {[%emt 00:00:36]} Kxd6 {[%clk 00:53:43]} {[%emt 00:01:10]} 52. Bf4
{[%clk 00:07:32]} {[%emt 00:00:14]} Re5 {[%clk 00:53:34]} {[%emt 00:00:40]} 53.
Bxe5 {[%clk 00:07:34]} {[%emt 00:00:29]} fxe5 {[%clk 00:53:59]} {[%emt
00:00:05]} 54. c7 {[%clk 00:07:56]} {[%emt 00:00:07]} 1-0

[Event "DVM U16 2023"]
[Site "Magdeburg GER"]
[Date "2023.12.28"]
[Round "4"]
[White "Colditz, Elias"]
[Black "Ermitsch, Magnus"]
[Result "0-1"]
[Termination "normal"]
[Board "3.1"]
[BlackTitle "FM"]
[WhiteElo "1706"]
[BlackElo "2273"]
[WhiteClock "00:16:13"]
[BlackClock "01:17:04"]
[WhiteTeam "SV Multatuli Ingelheim"]
[BlackTeam "SK Doppelbauer Kiel 1910"]
[PlyCount "94"]
[WhiteFideId "16298039"]
[BlackFideId "16234464"]
[EventCountry "GER"]
[EventRounds "7"]
[EventType "team-swiss"]
[EventDate "2023.12.26"]

1. e4 {[%clk 01:30:58]} {[%emt 00:00:01]} c5 {[%clk 01:30:38]} {[%emt
00:00:23]} 2. Nf3 {[%clk 01:31:22]} {[%emt 00:00:05]} e6 {[%clk 01:31:03]}
{[%emt 00:00:04]} 3. d4 {[%clk 01:31:43]} {[%emt 00:00:10]} cxd4 {[%clk
01:31:27]} {[%emt 00:00:06]} 4. Nxd4 {[%clk 01:32:10]} {[%emt 00:00:03]} Nc6
{[%clk 01:31:50]} {[%emt 00:00:07]} 5. Nb5 {[%clk 01:32:14]} {[%emt 00:00:26]}
d6 {[%clk 01:32:13]} {[%emt 00:00:07]} 6. c4 {[%clk 01:31:33]} {[%emt
00:01:11]} Nf6 {[%clk 01:32:37]} {[%emt 00:00:06]} 7. N1c3 {[%clk 01:31:53]}
{[%emt 00:00:11]} a6 {[%clk 01:32:46]} {[%emt 00:00:20]} 8. Na3 {[%clk
01:31:54]} {[%emt 00:00:30]} Qa5 {[%clk 01:32:52]} {[%emt 00:00:24]} 9. Qd3
{[%clk 01:19:36]} {[%emt 00:12:47]} Be7 {[%clk 01:31:40]} {[%emt 00:01:42]} 10.
Be2 {[%clk 01:19:02]} {[%emt 00:01:05]} O-O {[%clk 01:30:34]} {[%emt 00:01:36]}
11. O-O {[%clk 01:15:58]} {[%emt 00:03:34]} Bd7 {[%clk 01:30:18]} {[%emt
00:00:46]} 12. Be3 {[%clk 01:15:09]} {[%emt 00:01:17]} Rfc8 {[%clk 01:25:17]}
{[%emt 00:05:31]} 13. Rac1 {[%clk 01:11:43]} {[%emt 00:03:57]} Ne5 {[%clk
01:22:26]} {[%emt 00:03:21]} 14. Qd4 {[%clk 01:05:11]} {[%emt 00:07:02]} Qc7
{[%clk 01:17:29]} {[%emt 00:05:27]} 15. Rfd1 {[%clk 01:03:58]} {[%emt
00:01:42]} Neg4 {[%clk 01:09:50]} {[%emt 00:08:10]} 16. h3 {[%clk 00:58:21]}
{[%emt 00:06:07]} Nxe3 {[%clk 01:10:04]} {[%emt 00:00:16]} 17. Qxe3 {[%clk
00:58:35]} {[%emt 00:00:16]} Bc6 {[%clk 01:09:26]} {[%emt 00:01:08]} 18. Nc2
{[%clk 00:55:05]} {[%emt 00:04:00]} b6 {[%clk 01:07:43]} {[%emt 00:02:14]} 19.
Nd4 {[%clk 00:50:31]} {[%emt 00:05:03]} Bb7 {[%clk 01:07:55]} {[%emt 00:00:17]}
20. a3 {[%clk 00:49:45]} {[%emt 00:01:17]} Nd7 {[%clk 01:02:21]} {[%emt
00:06:03]} 21. b4 {[%clk 00:42:39]} {[%emt 00:07:37]} Qd8 {[%clk 01:02:20]}
{[%emt 00:00:31]} 22. Nf3 {[%clk 00:36:57]} {[%emt 00:06:12]} Qe8 {[%clk
01:01:36]} {[%emt 00:01:14]} 23. Na4 {[%clk 00:35:07]} {[%emt 00:02:20]} Rab8
{[%clk 00:56:55]} {[%emt 00:05:10]} 24. Nb2 {[%clk 00:27:46]} {[%emt 00:07:52]}
Ba8 {[%clk 00:52:50]} {[%emt 00:04:35]} 25. Nd3 {[%clk 00:25:32]} {[%emt
00:02:44]} b5 {[%clk 00:51:46]} {[%emt 00:01:34]} 26. cxb5 {[%clk 00:23:57]}
{[%emt 00:02:05]} axb5 {[%clk 00:52:09]} {[%emt 00:00:07]} 27. e5 {[%clk
00:23:32]} {[%emt 00:00:55]} Bxf3 {[%clk 00:52:12]} {[%emt 00:00:27]} 28. Bxf3
{[%clk 00:23:03]} {[%emt 00:01:00]} d5 {[%clk 00:52:36]} {[%emt 00:00:06]} 29.
Be2 {[%clk 00:20:26]} {[%emt 00:03:06]} Nb6 {[%clk 00:51:35]} {[%emt 00:01:30]}
30. Ne1 {[%clk 00:19:35]} {[%emt 00:01:22]} Nc4 {[%clk 00:51:35]} {[%emt
00:00:31]} 31. Bxc4 {[%clk 00:18:47]} {[%emt 00:01:17]} bxc4 {[%clk 00:51:58]}
{[%emt 00:00:06]} 32. Rc3 {[%clk 00:16:22]} {[%emt 00:02:56]} Bd8 {[%clk
00:52:04]} {[%emt 00:00:23]} 33. Nc2 {[%clk 00:16:16]} {[%emt 00:00:36]} Bb6
{[%clk 00:52:00]} {[%emt 00:00:34]} 34. Nd4 {[%clk 00:15:05]} {[%emt 00:01:42]}
Ra8 {[%clk 00:52:21]} {[%emt 00:00:09]} 35. Kh1 {[%clk 00:11:11]} {[%emt
00:04:24]} Ra4 {[%clk 00:52:31]} {[%emt 00:00:20]} 36. f4 {[%clk 00:10:35]}
{[%emt 00:01:06]} Rca8 {[%clk 00:52:41]} {[%emt 00:00:20]} 37. Qf3 {[%clk
00:09:19]} {[%emt 00:01:46]} Bxd4 {[%clk 00:50:19]} {[%emt 00:02:52]} 38. Rxd4
{[%clk 00:09:42]} {[%emt 00:00:06]} Qb8 {[%clk 00:50:46]} {[%emt 00:00:04]} 39.
f5 {[%clk 00:07:53]} {[%emt 00:02:19]} Qxe5 {[%clk 00:50:28]} {[%emt 00:00:48]}
40. Rf4 {[%clk 00:07:06]} {[%emt 00:01:17]} Qe1+ {[%clk 00:48:13]} {[%emt
00:02:44]} 41. Kh2 {[%clk 00:06:13]} {[%emt 00:01:24]} e5 {[%clk 00:47:56]}
{[%emt 00:00:47]} 42. Rg4 {[%clk 00:04:06]} {[%emt 00:02:36]} e4 {[%clk
00:47:22]} {[%emt 00:01:05]} 43. Rxg7+ {[%clk 00:19:54]} {[%emt 00:14:42]} Kxg7
{[%clk 01:17:17]} {[%emt 00:00:35]} 44. Qg4+ {[%clk 00:18:55]} {[%emt
00:01:29]} Kh8 {[%clk 01:17:34]} {[%emt 00:00:13]} 45. Rg3 {[%clk 00:18:49]}
{[%emt 00:00:36]} Qa1 {[%clk 01:17:54]} {[%emt 00:00:09]} 46. Qg5 {[%clk
00:17:46]} {[%emt 00:01:34]} Qe5 {[%clk 01:17:04]} {[%emt 00:01:20]} 47. Kh1
{[%clk 00:16:13]} {[%emt 00:02:04]} c3 {[%emt 00:00:52]} 0-1

[Event "DVM U16 2023"]
[Site "Magdeburg GER"]
[Date "2023.12.28"]
[Round "4"]
[White "Shtompel, Yuriy"]
[Black "Strauß, Florian"]
[Result "1/2-1/2"]
[Termination "normal"]
[Board "3.2"]
[WhiteElo "2072"]
[BlackElo "1454"]
[WhiteClock "00:26:46"]
[BlackClock "00:50:43"]
[WhiteTeam "SK Doppelbauer Kiel 1910"]
[BlackTeam "SV Multatuli Ingelheim"]
[PlyCount "57"]
[WhiteFideId "14168278"]
[BlackFideId "16298047"]
[EventCountry "GER"]
[EventRounds "7"]
[EventType "team-swiss"]
[EventDate "2023.12.26"]

1. e4 {[%clk 01:30:56]} {[%emt 00:00:03]} d5 {[%clk 01:30:57]} {[%emt
00:00:03]} 2. exd5 {[%clk 01:31:16]} {[%emt 00:00:10]} Nf6 {[%clk 01:31:22]}
{[%emt 00:00:05]} 3. Nf3 {[%clk 01:28:51]} {[%emt 00:02:55]} Nxd5 {[%clk
01:31:41]} {[%emt 00:00:11]} 4. d4 {[%clk 01:27:55]} {[%emt 00:01:27]} Bf5
{[%clk 01:31:42]} {[%emt 00:00:28]} 5. Bc4 {[%clk 01:27:22]} {[%emt 00:01:04]}
e6 {[%clk 01:31:06]} {[%emt 00:01:05]} 6. O-O {[%clk 01:27:08]} {[%emt
00:00:44]} Be7 {[%clk 01:30:32]} {[%emt 00:01:04]} 7. c3 {[%clk 01:24:40]}
{[%emt 00:02:59]} O-O {[%clk 01:29:58]} {[%emt 00:01:03]} 8. Nbd2 {[%clk
01:17:34]} {[%emt 00:07:36]} Nd7 {[%clk 01:25:48]} {[%emt 00:04:40]} 9. Re1
{[%clk 01:15:34]} {[%emt 00:02:30]} c5 {[%clk 01:20:18]} {[%emt 00:06:00]} 10.
Nf1 {[%clk 01:09:10]} {[%emt 00:06:53]} N7b6 {[%clk 01:19:36]} {[%emt
00:01:13]} 11. Bb3 {[%clk 01:04:04]} {[%emt 00:05:37]} cxd4 {[%clk 01:19:13]}
{[%emt 00:00:53]} 12. Nxd4 {[%clk 01:04:13]} {[%emt 00:00:20]} Bg6 {[%clk
01:19:02]} {[%emt 00:00:41]} 13. Ng3 {[%clk 00:54:07]} {[%emt 00:10:36]} Bc5
{[%clk 01:16:29]} {[%emt 00:03:03]} 14. Ne4 {[%clk 00:46:38]} {[%emt 00:07:59]}
Bxe4 {[%clk 01:09:30]} {[%emt 00:07:29]} 15. Rxe4 {[%clk 00:47:01]} {[%emt
00:00:06]} Nf6 {[%clk 01:09:07]} {[%emt 00:00:54]} 16. Bg5 {[%clk 00:39:09]}
{[%emt 00:08:22]} h6 {[%clk 01:07:57]} {[%emt 00:01:40]} 17. Bxf6 {[%clk
00:39:10]} {[%emt 00:00:28]} Qxf6 {[%clk 01:08:11]} {[%emt 00:00:16]} 18. Qe2
{[%clk 00:39:11]} {[%emt 00:00:29]} Bxd4 {[%clk 01:06:59]} {[%emt 00:01:43]}
19. Rxd4 {[%clk 00:39:25]} {[%emt 00:00:16]} Rfd8 {[%clk 01:07:08]} {[%emt
00:00:20]} 20. Rad1 {[%clk 00:39:03]} {[%emt 00:00:52]} Rxd4 {[%clk 01:07:03]}
{[%emt 00:00:36]} 21. Rxd4 {[%clk 00:39:27]} {[%emt 00:00:06]} Rd8 {[%clk
01:07:24]} {[%emt 00:00:10]} 22. Rxd8+ {[%clk 00:39:36]} {[%emt 00:00:21]} Qxd8
{[%clk 01:07:41]} {[%emt 00:00:12]} 23. g3 {[%clk 00:39:17]} {[%emt 00:00:49]}
Nd7 {[%clk 00:58:38]} {[%emt 00:09:32]} 24. Qb5 {[%clk 00:31:30]} {[%emt
00:08:18]} Qc7 {[%clk 00:57:41]} {[%emt 00:01:27]} 25. Bc2 {[%clk 00:31:15]}
{[%emt 00:00:45]} Nf6 {[%clk 00:57:06]} {[%emt 00:01:05]} 26. Qd3 {[%clk
00:31:11]} {[%emt 00:00:34]} Qd7 {[%clk 00:53:36]} {[%emt 00:04:00]} 27. Qe3
{[%clk 00:30:16]} {[%emt 00:01:25]} b6 {[%clk 00:52:20]} {[%emt 00:01:47]} 28.
Qe5 {[%clk 00:29:08]} {[%emt 00:01:37]} Kf8 {[%clk 00:50:43]} {[%emt 00:02:06]}
29. Qb8+ {[%clk 00:26:46]} {[%emt 00:02:53]} 1/2-1/2

[Event "DVM U16 2023"]
[Site "Magdeburg GER"]
[Date "2023.12.28"]
[Round "4"]
[White "Yue, Qihang"]
[Black "Vollbehr, Bjarne"]
[Result "0-1"]
[Termination "normal"]
[Board "3.3"]
[WhiteElo "1433"]
[BlackElo "1949"]
[WhiteClock "00:58:56"]
[BlackClock "01:12:04"]
[WhiteTeam "SV Multatuli Ingelheim"]
[BlackTeam "SK Doppelbauer Kiel 1910"]
[PlyCount "88"]
[WhiteFideId "16278968"]
[BlackFideId "34606025"]
[EventCountry "GER"]
[EventRounds "7"]
[EventType "team-swiss"]
[EventDate "2023.12.26"]

1. e4 {[%clk 01:30:55]} {[%emt 00:00:03]} e5 {[%clk 01:30:56]} {[%emt
00:00:04]} 2. Nf3 {[%clk 01:31:20]} {[%emt 00:00:06]} Nc6 {[%clk 01:31:21]}
{[%emt 00:00:04]} 3. Bc4 {[%clk 01:31:41]} {[%emt 00:00:09]} Nf6 {[%clk
01:31:45]} {[%emt 00:00:06]} 4. d3 {[%clk 01:32:04]} {[%emt 00:00:08]} Bc5
{[%clk 01:32:06]} {[%emt 00:00:09]} 5. Nc3 {[%clk 01:32:20]} {[%emt 00:00:14]}
a6 {[%clk 01:31:59]} {[%emt 00:00:36]} 6. Bg5 {[%clk 01:31:56]} {[%emt
00:00:54]} h6 {[%clk 01:31:39]} {[%emt 00:00:50]} 7. Bxf6 {[%clk 01:32:06]}
{[%emt 00:00:20]} Qxf6 {[%clk 01:32:00]} {[%emt 00:00:09]} 8. Nd5 {[%clk
01:32:22]} {[%emt 00:00:14]} Qd8 {[%clk 01:32:07]} {[%emt 00:00:24]} 9. c3
{[%clk 01:32:22]} {[%emt 00:00:30]} d6 {[%clk 01:30:48]} {[%emt 00:01:49]} 10.
d4 {[%clk 01:32:26]} {[%emt 00:00:26]} Ba7 {[%clk 01:30:13]} {[%emt 00:01:05]}
11. dxe5 {[%clk 01:32:43]} {[%emt 00:00:12]} dxe5 {[%clk 01:30:13]} {[%emt
00:00:30]} 12. Qd2 {[%clk 01:29:43]} {[%emt 00:03:30]} Bg4 {[%clk 01:24:13]}
{[%emt 00:06:30]} 13. O-O-O {[%clk 01:28:10]} {[%emt 00:02:03]} Bxf3 {[%clk
01:20:49]} {[%emt 00:03:55]} 14. gxf3 {[%clk 01:28:31]} {[%emt 00:00:09]} b5
{[%clk 01:18:29]} {[%emt 00:02:50]} 15. Bb3 {[%clk 01:26:15]} {[%emt 00:02:45]}
Na5 {[%clk 01:17:49]} {[%emt 00:01:10]} 16. f4 {[%clk 01:23:13]} {[%emt
00:03:32]} c6 {[%clk 01:14:33]} {[%emt 00:03:47]} 17. Nb4 {[%clk 01:19:00]}
{[%emt 00:04:42]} Qxd2+ {[%clk 01:13:24]} {[%emt 00:01:40]} 18. Rxd2 {[%clk
01:19:18]} {[%emt 00:00:12]} exf4 {[%clk 01:13:37]} {[%emt 00:00:17]} 19. Nxa6
{[%clk 01:17:24]} {[%emt 00:02:24]} Nxb3+ {[%clk 01:12:03]} {[%emt 00:02:04]}
20. axb3 {[%clk 01:17:45]} {[%emt 00:00:09]} Bb6 {[%clk 01:12:24]} {[%emt
00:00:09]} 21. Kc2 {[%clk 01:16:11]} {[%emt 00:02:04]} Rxa6 {[%clk 01:12:46]}
{[%emt 00:00:07]} 22. Rhd1 {[%clk 01:14:52]} {[%emt 00:01:49]} O-O {[%clk
01:13:00]} {[%emt 00:00:16]} 23. f3 {[%clk 01:14:42]} {[%emt 00:00:40]} Ra7
{[%clk 01:12:37]} {[%emt 00:00:54]} 24. Rd6 {[%clk 01:13:53]} {[%emt 00:01:18]}
Rc7 {[%clk 01:12:55]} {[%emt 00:00:12]} 25. R1d2 {[%clk 01:13:09]} {[%emt
00:01:14]} Be3 {[%clk 01:13:00]} {[%emt 00:00:25]} 26. Rg2 {[%clk 01:11:47]}
{[%emt 00:01:52]} Kh7 {[%clk 01:13:04]} {[%emt 00:00:27]} 27. b4 {[%clk
01:11:04]} {[%emt 00:01:13]} Rcc8 {[%clk 01:11:53]} {[%emt 00:01:41]} 28. Rd7
{[%clk 01:09:43]} {[%emt 00:01:50]} Rcd8 {[%clk 01:11:18]} {[%emt 00:01:05]}
29. Rc7 {[%clk 01:09:42]} {[%emt 00:00:32]} Rd6 {[%clk 01:11:41]} {[%emt
00:00:07]} 30. h4 {[%clk 01:09:05]} {[%emt 00:01:07]} g6 {[%clk 01:11:34]}
{[%emt 00:00:36]} 31. Kb3 {[%clk 01:06:55]} {[%emt 00:02:40]} Kg7 {[%clk
01:10:58]} {[%emt 00:01:06]} 32. Kc2 {[%clk 01:05:56]} {[%emt 00:01:29]} Re8
{[%clk 01:11:09]} {[%emt 00:00:19]} 33. Kb3 {[%clk 01:05:25]} {[%emt 00:01:01]}
Re5 {[%clk 01:11:30]} {[%emt 00:00:09]} 34. Rg4 {[%clk 01:04:15]} {[%emt
00:01:40]} Ree6 {[%clk 01:09:46]} {[%emt 00:02:14]} 35. Rg2 {[%clk 01:02:29]}
{[%emt 00:02:16]} Rd2 {[%clk 01:10:02]} {[%emt 00:00:14]} 36. Rxd2 {[%clk
01:01:53]} {[%emt 00:01:06]} Bxd2 {[%clk 01:10:24]} {[%emt 00:00:09]} 37. Rd7
{[%clk 01:01:37]} {[%emt 00:00:45]} Be1 {[%clk 01:10:44]} {[%emt 00:00:11]} 38.
c4 {[%clk 01:01:26]} {[%emt 00:00:41]} Bxh4 {[%clk 01:10:49]} {[%emt 00:00:24]}
39. cxb5 {[%clk 01:01:03]} {[%emt 00:00:55]} cxb5 {[%clk 01:11:11]} {[%emt
00:00:07]} 40. Rd5 {[%clk 01:01:09]} {[%emt 00:00:23]} Rb6 {[%clk 01:11:03]}
{[%emt 00:00:37]} 41. Kc3 {[%clk 01:00:54]} {[%emt 00:00:46]} Be7 {[%clk
01:11:06]} {[%emt 00:00:27]} 42. Rd7 {[%clk 01:00:05]} {[%emt 00:01:20]} Bf6+
{[%clk 01:11:28]} {[%emt 00:00:08]} 43. Kb3 {[%clk 01:00:04]} {[%emt 00:00:30]}
h5 {[%clk 01:11:51]} {[%emt 00:00:07]} 44. Rd2 {[%clk 00:58:56]} {[%emt
00:01:36]} Rc6 {[%clk 01:12:04]} {[%emt 00:00:19]} 0-1

[Event "DVM U16 2023"]
[Site "Magdeburg GER"]
[Date "2023.12.28"]
[Round "4"]
[White "Bräutigam, Katerina"]
[Black "González Peisker, Mateo"]
[Result "1-0"]
[Termination "normal"]
[Board "3.4"]
[WhiteElo "1845"]
[BlackElo "1443"]
[WhiteClock "00:17:52"]
[BlackClock "00:53:55"]
[WhiteTeam "SK Doppelbauer Kiel 1910"]
[BlackTeam "SV Multatuli Ingelheim"]
[PlyCount "69"]
[WhiteFideId "16242980"]
[BlackFideId "34610138"]
[EventCountry "GER"]
[EventRounds "7"]
[EventType "team-swiss"]
[EventDate "2023.12.26"]

1. e4 {[%clk 01:30:57]} {[%emt 00:00:02]} c6 {[%clk 01:30:55]} {[%emt
00:00:05]} 2. d4 {[%clk 01:31:19]} {[%emt 00:00:08]} d5 {[%clk 01:31:20]}
{[%emt 00:00:05]} 3. e5 {[%clk 01:31:43]} {[%emt 00:00:07]} Bf5 {[%clk
01:31:37]} {[%emt 00:00:12]} 4. Nd2 {[%clk 01:32:02]} {[%emt 00:00:11]} e6
{[%clk 01:31:41]} {[%emt 00:00:27]} 5. Nb3 {[%clk 01:32:27]} {[%emt 00:00:04]}
Nd7 {[%clk 01:31:17]} {[%emt 00:00:55]} 6. c3 {[%clk 01:31:47]} {[%emt
00:01:09]} Ne7 {[%clk 01:31:10]} {[%emt 00:00:38]} 7. Nf3 {[%clk 01:31:39]}
{[%emt 00:00:37]} c5 {[%clk 01:31:17]} {[%emt 00:00:24]} 8. Nxc5 {[%clk
01:30:09]} {[%emt 00:02:00]} Nxc5 {[%clk 01:31:38]} {[%emt 00:00:09]} 9. dxc5
{[%clk 01:30:31]} {[%emt 00:00:08]} Nc6 {[%clk 01:31:45]} {[%emt 00:00:22]} 10.
Be3 {[%clk 01:29:33]} {[%emt 00:01:28]} Qc7 {[%clk 01:30:42]} {[%emt 00:01:33]}
11. Bd4 {[%clk 01:28:42]} {[%emt 00:01:21]} Be7 {[%clk 01:30:13]} {[%emt
00:00:59]} 12. Bb5 {[%clk 01:24:46]} {[%emt 00:04:27]} O-O {[%clk 01:29:27]}
{[%emt 00:01:16]} 13. O-O {[%clk 01:24:23]} {[%emt 00:00:53]} a5 {[%clk
01:26:57]} {[%emt 00:03:00]} 14. Bxc6 {[%clk 01:17:25]} {[%emt 00:07:27]} Qxc6
{[%clk 01:27:05]} {[%emt 00:00:23]} 15. b4 {[%clk 01:16:50]} {[%emt 00:01:04]}
axb4 {[%clk 01:24:05]} {[%emt 00:03:30]} 16. cxb4 {[%clk 01:17:12]} {[%emt
00:00:08]} Ra4 {[%clk 01:23:12]} {[%emt 00:01:24]} 17. a3 {[%clk 01:15:32]}
{[%emt 00:02:10]} Rfa8 {[%clk 01:23:11]} {[%emt 00:00:31]} 18. Bb2 {[%clk
01:15:14]} {[%emt 00:00:48]} Bg4 {[%clk 01:14:09]} {[%emt 00:09:32]} 19. Rc1
{[%clk 01:11:23]} {[%emt 00:04:21]} Bg5 {[%clk 01:10:50]} {[%emt 00:03:48]} 20.
Rc3 {[%clk 01:09:13]} {[%emt 00:02:39]} Bh6 {[%clk 01:03:47]} {[%emt 00:07:34]}
21. Qd4 {[%clk 00:58:53]} {[%emt 00:10:50]} Bh5 {[%clk 01:01:19]} {[%emt
00:02:58]} 22. g4 {[%clk 00:54:09]} {[%emt 00:05:14]} Bg6 {[%clk 00:59:33]}
{[%emt 00:02:16]} 23. g5 {[%clk 00:53:56]} {[%emt 00:00:42]} Bxg5 {[%emt
00:00:51]} 24. Nxg5 {[%clk 00:54:12]} h6 {[%clk 00:59:27]} {[%emt 00:00:29]}
25. Nh3 {[%clk 00:50:05]} {[%emt 00:04:36]} Rf8 {[%clk 00:56:34]} {[%emt
00:03:23]} 26. Rg3 {[%clk 00:47:43]} {[%emt 00:02:52]} Kh8 {[%clk 00:55:29]}
{[%emt 00:01:36]} 27. Bc1 {[%clk 00:41:40]} {[%emt 00:06:33]} Qe8 {[%clk
00:54:33]} {[%emt 00:01:26]} 28. Qh4 {[%clk 00:37:48]} {[%emt 00:04:22]} Kh7
{[%clk 00:54:11]} {[%emt 00:00:53]} 29. Nf4 {[%clk 00:30:46]} {[%emt 00:07:31]}
Bf5 {[%clk 00:53:37]} {[%emt 00:01:04]} 30. Rxg7+ {[%clk 00:17:09]} {[%emt
00:14:07]} Kxg7 {[%clk 00:53:49]} {[%emt 00:00:17]} 31. Nh5+ {[%clk 00:17:15]}
{[%emt 00:00:24]} Kg6 {[%clk 00:53:49]} {[%emt 00:00:31]} 32. Qf6+ {[%clk
00:17:14]} {[%emt 00:00:31]} Kxh5 {[%clk 00:53:47]} {[%emt 00:00:32]} 33. Qxh6+
{[%clk 00:17:28]} {[%emt 00:00:16]} Kg4 {[%clk 00:54:04]} {[%emt 00:00:13]} 34.
h3+ {[%clk 00:17:34]} {[%emt 00:00:24]} Kf3 {[%clk 00:53:55]} {[%emt 00:00:39]}
35. Qe3# {[%clk 00:17:52]} {[%emt 00:00:12]} 1-0